| 000 | 01183nam a2200337 c 4500 | ||
|---|---|---|---|
| 003 | BLK | ||
| 005 | 20241227134033.0 | ||
| 008 | 180408b bul|||||r ||||||| ||bul|| | ||
| 010 | _aKNG00069283000 | ||
| 020 |
_a954-739-564-5 _bиздат.: Захарий Стоянов |
||
| 040 | _aBLK | ||
| 041 |
_aBUL _cBUL |
||
| 080 |
_aБългарска литература _b821.163.2 _x-93-91 _z821.163.2-93-91 |
||
| 700 | 1 |
_aРайнов, Николай Иванов _eпреразк. _9364082 |
|
| 139 |
_aРайнов, Николай Иванов _bР 28 |
||
| 245 | 1 | 0 |
_aПриказки от цял свят _cпреразк. Николай Иванов Райнов. |
| 250 | _aНово изд. | ||
| 257 | _aBGR | ||
| 260 |
_аСофия _bЗахарий Стоянов _c2005 _fСофия : Д. Благоев |
||
| 300 |
_a640 с. _c22 см |
||
| 380 | _aDX | ||
| 490 | 1 | _aПоредица Приказен свят | |
| 500 | _aОфс. изд. | ||
| 653 | _aприказки | ||
| 852 | _aЦб 229996 | ||
| 856 | 4 |
_qpdf _u |
|
| 856 | 4 |
_qpdf _u |
|
| 942 |
_cKNG _n0 _027 |
||
| 944 |
_aCR _c09.11.2006 _k30546 _lРенета Константинова |
||
| 944 |
_aED _c08.01.2008 _k |
||
| 999 |
_c65009 _d65009 |
||